Normal view
MARC view
Entry Corporate Name
001 - CONTROL NUMBER
- control field: 65817
003 - CONTROL NUMBER IDENTIFIER
- control field: OSt
005 - DATE AND TIME OF LATEST TRANSACTION
- control field: 20260128094210.0
008 - FIXED-LENGTH DATA ELEMENTS
- fixed length control field: 260128|| aca||aabn | a|a d
040 ## - CATALOGING SOURCE
- Original cataloging agency: OSt
- Transcribing agency: OSt
110 ## - HEADING--CORPORATE NAME
- Corporate name or jurisdiction name as entry element: မႁႃမုင်ႉ (မိူင်ႈၸႄႈ) ပိၼ်ႇၽႃႇသႃႇ-
670 ## - SOURCE DATA FOUND
- Source citation: Work cat.: (OSt)6219: ၵႂၢမ်းသွၼ်ပုတ်ႉထၽြႃးပဵၼ်ၸဝ်ႈၼႂ်းထမ်မပတ, 2014